Central Library OPAC University of Rajshahi

Educational research / (Record no. 53536)

MARC details
000 -LEADER
fixed length control field 00659nam a2200229 a 4500
001 - CONTROL NUMBER
control field 53536
003 - CONTROL NUMBER IDENTIFIER
rucl marc code BD-RjUL
005 - DATE AND TIME OF LATEST TRANSACTION
control field 20211209075958.0
008 - FIXED-LENGTH DATA ELEMENTS--GENERAL INFORMATION
fixed length control field 161017s2007 ii ||||| |||| 00| 0 eng d
020 ## - INTERNATIONAL STANDARD BOOK NUMBER
International Standard Book Number 8184110634
035 ## - SYSTEM CONTROL NUMBER
System control number (BD-RjUL)53657
040 ## - CATALOGING SOURCE
Original cataloging agency BD-RjUL
Language of cataloging eng
Transcribing agency BD-RjUL
041 ## - LANGUAGE CODE
Language code of text/sound track or separate title eng
082 ## - DEWEY DECIMAL CLASSIFICATION NUMBER
Edition number 23
Classification number 370.7
Author mark and year JYE 2007
100 1# - MAIN ENTRY--PERSONAL NAME
Personal name Jyothi, K. Swarna
9 (RLIN) 160015
245 10 - TITLE STATEMENT
Title Educational research /
Statement of responsibility, etc. K. Swarna Jyothi, Digumarti Bhaskara Rao.
260 ## - PUBLICATION, DISTRIBUTION, ETC. (IMPRINT)
Place of publication, distribution, etc. New Delhi :
Name of publisher, distributor, etc. Sonali Publications,
Date of publication, distribution, etc. 2007.
300 ## - PHYSICAL DESCRIPTION
Pagination 240 p. ;
Size 22 cm
650 ## - SUBJECT ADDED ENTRY--TOPICAL TERM
Topical term or geographic name as entry element Education
Form subdivision Research
9 (RLIN) 153183
700 ## - ADDED ENTRY--PERSONAL NAME
Personal name Rao, Digumarti Bhaskara
942 ## - ADDED ENTRY ELEMENTS (KOHA)
Source of classification or shelving scheme Dewey Decimal Classification
Koha item type Books
Holdings
Lost status Source of classification or shelving scheme Damaged status Not for loan Collection code Permanent Location Current Location Shelving location Date acquired Source of acquisition Cost, normal purchase price Total Checkouts Full call number Date last seen Date checked out Copy number Koha item type
  Dewey Decimal Classification     Non-fiction Central Library, University of Rajshahi Central Library, University of Rajshahi   21/03/2011 Dhaka,Paragon Enterprise Lit., 625.00 1 370.7 JYE 2007 18/12/2018 06/12/2018 C-2 Books
  Dewey Decimal Classification   Not For Loan Non-fiction Central Library, University of Rajshahi Central Library, University of Rajshahi Reading Room 21/03/2011 Dhaka,Paragon Enterprise Lit., 625.00   370.7 JYE 2007 31/12/2016   C-1 Books